[Event "Guwahati op 1st"]
[Site "Guwahati"]
[Date "2022.03.14"]
[Round "1"]
[White "Amar, Jyoti Kakoty"]
[Black "Iniyan, Panneerseluam"]
[Result "0-1"]
[WhiteElo "1451"]
[BlackElo "2516"]
[PlyCount "50"]
[EventDate "2022.03.14"]
[EventType "swiss"]
[EventRounds "10"]
[EventCountry "IND"]
[SourceTitle "CBM 207 Extra"]
[Source "ChessBase"]
[SourceDate "2022.05.31"]
[SourceVersion "1"]
[SourceVersionDate "2022.05.31"]
[SourceQuality "1"]

1. e4 e5 2. Nf3 Nc6 3. Bc4 Be7 4. 0-0 Nf6 5. Re1 0-0 6. d4 d6 7. dxe5 dxe5 8. Qxd8 Rxd8 9. h3 h6 10. a3 a6 11. Nc3 Be6 12. Bd3 g5 13. g4 Nd4 14. Kg2 c5 15. Nxd4 exd4 16. Ne2 c4 17. e5 Bd5+ 18. f3 cxd3 19. exf6 Bxf6 20. cxd3 Rac8 21. b4 Rc2 22. Rb1 Re8 23. Kf2 b5 24. f4 gxf4 25. Bxf4 Bh4+ 0-1